Higher education as a field of study (Record no. 45529)

MARC details
000 -LEADER
fixed length control field 00805nam a2200217 a 4500
008 - FIXED-LENGTH DATA ELEMENTS--GENERAL INFORMATION
fixed length control field 120416s1974 ||||||||||||||||| || u
020 ## - INTERNATIONAL STANDARD BOOK NUMBER
International Standard Book Number 0875892264
050 ## - LIBRARY OF CONGRESS CALL NUMBER
Classification number LB 2331 Dre
100 ## - MAIN ENTRY--PERSONAL NAME
Personal name Mayhew, Lewis B
245 10 - TITLE STATEMENT
Title Higher education as a field of study
246 ## - VARYING FORM OF TITLE
Title proper/short title the emergence of a profession
260 ## - PUBLICATION, DISTRIBUTION, ETC.
Place of publication, distribution, etc. San Francisco, Cal.
Name of publisher, distributor, etc. Jessey-Bass, Inc
Date of publication, distribution, etc. 1974
300 ## - PHYSICAL DESCRIPTION
Extent xiv, 214p.
350 ## - PRICE (NR) (BK AM CF MU VM SE) [OBSOLETE]
Price 0.00
490 ## - SERIES STATEMENT
Series statement The Jossey-Bass series in higher education
500 ## - GENERAL NOTE
General note Bibliography.
650 ## - SUBJECT ADDED ENTRY--TOPICAL TERM
Topical term or geographic name entry element EDUCATION,HIGHER--STUDY AND TEACHING
650 #0 - SUBJECT ADDED ENTRY--TOPICAL TERM
Topical term or geographic name entry element EDUCATIONAL TESTS AND MEASUREMENTS
700 ## - ADDED ENTRY--PERSONAL NAME
Personal name Dressel, Paul L
995 ## - RECOMMENDATION 995 [LOCAL, UNIMARC FRANCE]
-- 0.00
-- CBU-MAIN LIBRARY (Kitwe)
-- 1
-- 19.95
-- 1
-- AVAILABLE
-- Apr 18, 2007
-- Main Library Open Access Collection
Holdings
Withdrawn status Lost status Source of classification or shelving scheme Damaged status Not for loan Home library Current library Shelving location Date acquired Total Checkouts Full call number Barcode Date last seen Price effective from Koha item type
          CBU-MAIN LIBRARY, KITWE. CBU-MAIN LIBRARY, KITWE.   11/30/2022   LB 2331 Dre 009152 11/30/2022 11/30/2022 MONOGRAPH